000 00949na a2200313 4500
001 20941
003 MIRAKIL
005 20181213155157.0
008 170130b tu 000 0
035 _a20941
040 _aMilas
_btur
_cTR-AnCHP
041 _atur
082 _aCHP 320.715
_bC36c [t.y.]
090 _aBROŞÜR 239
110 _aCumhuriyet Halk Partisi (CHP)
_bGenel Merkez
245 _aCumhuriyet Halk Partisi eğitim el kitabı
_c[CHP Genel Merkez]
246 _aCHP eğitim el kitabı
246 _aParti içi eğitim el kitabı
260 _a[Ankara ]
_b[CHP]
_c[t.y.]
300 _a159 s.
_c22 sm.
440 _aCHP yayınları
610 _aCumhuriyet Halk Partisi (CHP)
_xPropaganda ve ideolojiler
610 _aCumhuriyet Halk Partisi (CHP)
_xEl kitapları, vb.
657 _aCHP el kitapları
657 _aCHP parti içi eğitimi
830 _aCHP yayınları
942 _2ddc
_cBKS
999 _c8019
_d8019